|
|
|
|
| LEADER |
00974nab#a2200361#ar4500 |
| 001 |
000041513 |
| 003 |
SVKKK |
| 005 |
00000000000000.0 |
| 008 |
c xo e sloo |
| FMT |
|
|
|
| 038 |
|
|
|a SVKKK
|
| 040 |
|
|
|a SVKKK
|b slo
|e AACR2
|
| 041 |
0 |
|
|a slo
|
| 044 |
|
|
|a xo
|c SK
|
| 080 |
|
|
|a 655.1(091
|2 1981
|
| 080 |
|
|
|a 82.0
|2 1981
|
| 080 |
|
|
|a 943.7
|2 1981
|
| 100 |
1 |
|
|a Frimmová, Eva
|4 aut
|
| 245 |
1 |
0 |
|a Breza V.: Tlačiarne na Slovensku 1477-1996
|c Frimmová Eva,
|
| 650 |
0 |
4 |
|a tlačiarne
|z Slovensko východné
|x r. 1477-1996
|x Bardejov
|x Levoča
|x Košice
|x dejiny
|x recenzie
|
| 773 |
0 |
|
|t Historický časopis
|g Roč. 46, č. 2(1998), s. 323-324
|
| 787 |
0 |
8 |
|i Recenze na:
|a Breza, V.
|t Tlačiarne na Slovensku 1477-1996
|d Bratislava, 1997
|
| 957 |
|
|
|a Bardejov
|
| 957 |
|
|
|a Košice
|
| 957 |
|
|
|a Levoča
|
| 958 |
|
|
|a BJ
|
| 958 |
|
|
|a KE
|
| 958 |
|
|
|a LE
|
| 974 |
|
|
|d 981002
|a SAB
|
| 992 |
|
|
|a RBX
|
| BAS |
|
|
|
| 852 |
|
|
|a SVKKK
|b BIB
|
| 998 |
|
|
|a REG
|